| 000 | 00823cam a22002534a 4500 | ||
|---|---|---|---|
| 005 | 20160429110441.0 | ||
| 008 | 000427s2000 njua 001 0 eng | ||
| 020 | _a0130893404 | ||
| 040 |
_aDLC _cDLC _dDLC _dCO-BoIAVH |
||
| 041 | 0 | _aspa | |
| 044 | _axxu | ||
| 082 | 0 | 0 |
_a005.2762 _bH17c |
| 100 | 1 |
_aHall, Marty, _d1962- _eautor |
|
| 245 | 1 | 0 |
_aCore servlets and JavaServer Pages / _cMarty Hall. |
| 260 |
_aUpper Saddle River, NJ : _bPrentice Hall PTR, _cc2000. |
||
| 300 |
_axxvii, 575 páginas : _bilustraciones ; _c24 x 18 centímetros |
||
| 490 | 0 | _aJava 2 platform, enterprise edition series | |
| 500 | _aIncluye índice. | ||
| 630 | 0 | 0 | _aJavaServer pages. |
| 650 | 2 | 4 | _aJava (Lenguaje de programación) |
| 650 | 2 | 4 | _aServidores web |
| 650 | 2 | 0 | _aServlets. |
| 942 |
_2ddc _cLIBRO |
||
| 999 |
_c2592 _d2592 |
||